Tilastot visalle Sanat: "Laulu rakkaudelle" - Yö

Klikkaa tästä pelataksesi tätä visaa!

Yleistilastot

  • Tätä visaa on pelattu 28 kertaa
  • Keskiarvotulos 78 / 136

Vastaustilastot

% Oikein
Laulu
100%
rakkaudelle,
100%
jotka
85%
rakastaa.
85%
rakastaa?
85%
hemmoille,
80%
koville
80%
tosi
80%
tunnustaa,
80%
tytöille,
75%
uskaltavat
75%
joku
70%
jota
70%
kuinka
70%
Kun
70%
kun
70%
merkitsee,
70%
on
65%
paljon
65%
aikaiseksi
60%
Ei
60%
ei
60%
joka
60%
mies
60%
ole
60%
saa.
60%
tappelua
60%
eikä
55%
kertoo,
55%
Kuka
55%
laulut
55%
lyö,
55%
mikään
55%
miten
55%
Monet
55%
perhe
55%
potkitaan.
55%
ulos
55%
uskaltaa
55%
haalitaan.
50%
ja
50%
musta
50%
Olet
50%
rikkaudet
50%
vyö.
50%
juodaan,
45%
kokoon
45%
kova
45%
Pomo
45%
syy.
45%
työpaikan
45%
vasta
45%
enään
40%
lyödään
40%
kaljatuoppiin.
35%
Moni
35%
kulje.
30%
kuolla
30%
kupsahtaa.
30%
kysyt
30%
miksi,
30%
niin
30%
polun
30%
valta,
30%
että
25%
jenkeissäkin
25%
kertoisin.
25%
Nancy
25%
oikein
25%
päälle
25%
tämän
25%
vaihtuu
25%
joskus
20%
kelle
20%
ketään
20%
Kyllä
20%
Meistä
20%
painaa
20%
taivaltaa.
20%
vahva,
20%
yksin
20%
kukaan
15%
porun
10%
vääntää
10%

Tulosjakauma

Persentiili vastausten määrän mukaan

Jokaisen tuloksen saaneiden osuus

Tuloshistoriasi

Et ole pelannut tätä visaa